000 00973nam a2200265Ia 4500
003 OSt
005 20220923211315.0
006 a|||||r|||| 00| 0
007 ta
008 220922b |||||||| |||| 00| 0 hin d
020 _a9788180810811 (hbk)
_c400
024 _a317,479
037 _b81, 15/03/2017, Mallika Books
_cTextual
040 _aARTS
_cARTS
_bhin
041 _2hin
_ahin
082 _aO152,2:g(NT), P9
100 _aशुक्ल, धीरेन्द्र, संपा.
245 0 _aहिन्दी नाटक और रंगमंच
246 _aHindī nāṭak aur rangahincha
260 _aदिल्ली
_b नेशनल पब्लिशिंग हाउस
_c2009
300 _a242पृ.
_ccm.
650 _aहिन्दी नाटक
942 _hO152,2:g(NT), P9
_cTEXL
_2CC
999 _c298323
_d298323